00454pab a2200145 454500008004000000100002200040245004600062260000900108300001000117650001600127773003400143909001000177999001700187952010400204180718b1986 xxu||||| |||| 00| 0 eng d aPozderac, Hamdija aThe socio - economic roots of nationalism c1986 a59-84 aNationalism aSocialist Though and Practice a14010 c14010d14010 00104070aIIPAbIIPAd2018-07-19hVolume no: 26, Issue no: 4pAR14053r2018-07-19w2018-07-19yAR